Číslicový kalibračný wattmeter : Dipl.práca

Saved in:
Bibliographic Details
Main Author: Plavec, Martin (Author)
Other Authors: Fuchs, Peter, 1959- (Thesis advisor), Zelenáková, Ivana (Thesis advisor)
Format: Manuscript Book
Language:Slovak
Published: Bratislava : STU v Bratislave FEI, 1998
Subjects:
Tags: Add Tag
No Tags, Be the first to tag this record!

MARC

LEADER 00000ntm a22000003a 4500
001 stu49849
005 20160719164924.6
008 990602s1998------------------------slo-d
040 |a STU  |b slo 
041 0 |a slo 
100 1 |a Fuchs, Peter,  |d 1959-  |4 ths  |u E400  |U FEI Fakulta elektrotechniky a informatiky  |T FEI Ústav automobilovej mechatroniky  |X 1898  |U E400  |Y 642  |7 A000001898 
245 1 |a Číslicový kalibračný wattmeter :  |b Dipl.práca 
260 |a Bratislava :  |b STU v Bratislave FEI,  |c 1998 
300 |a 42 s.,príl 
650 7 |a elektronika  |2 stusub 
700 1 |a Zelenáková, Ivana  |4 ths 
700 1 |a Plavec, Martin  |4 aut